Rayuela / (Registro nro. 3031)

Detalles MARC
000 -LEADER
fixed length control field 01165nam a2200205 a 4500
008 - CAMPO DE CONTROL (LIBRO)
fixed length control field 161215e2006 ck |||g |||| 001 j spa d
020 ## - INTERNATIONAL STANDARD BOOK NUMBER
ISBN 8482804030
041 ## - CODIGO DE IDIOMA
Código de idioma del texto/pista de sonido o título separado spa
092 ## - SIGNATURA TOPOGRAFICA DEWEY LOCAL
número de clasificación 808
libristica 13
sección COR
100 1# - ENTRADA PRINCIPAL--NOMBRE PERSONAL
Nombre personal Cortázar, Julio
9 (RLIN) 3297
245 ## - TITULO PROPIAMENTE DICHO
Título Rayuela /
Mención de responsabilidad y remanente de la transcripción de la portada Julio Cortázar
250 ## - MENCION DE EDICION
Mención de edición 1a ed.
260 ## - PIE DE IMPRENTA
Lugar de publicación, distribución, etc Colombia:
Nombre de la editorial, distribuidor, etc Guajiro;
Fecha de publicación 2004.
300 ## - DESCRIPCION FISICA
Extension 493 p.
500 ## - NOTA GENERAL
Nota general Cortazar, J. (2004). Rayuela. (1a ed.). Colombia : Guajiro.
505 ## - NOTA DE CONTENIDO
Nota de contenido formateada Y animado de la esperanza de ser particularmente útil a la juventud, y de contribuir a la reforma de las costumbres en general, he formado la presente colección de máximas, consejos y preceptos, que son la base de aquella moral universal, que es tan proporcionada a la felicidad espiritual y temporal de todos los hombres de cualquiera edad, estado y condición que sean, y a la prosperidad y buen orden, no sólo de la república civil y cristiana en que vivimos, sino de cualquiera otra república o gobierno que los filósofos más especulativos y profundos del orbe quieran discurrir.
590 ## - NOTAS LOCALES (RLIN)
Nota local Proyecto 4to libro. Donación Constanzo Juan Carlos
655 ## - MATERIA - GENERO/FORMA
Género/Forma Literatura
-- 2917
942 ## - ADDED ENTRY ELEMENTS (KOHA)
Source of classification or shelving scheme Dewey Decimal Classification
Item type LITERATURA
Existencias
Estado de retiro Existencia Fuente de clasificación Estado general No para prestamo Ubicación permanente ubicación actual Sala de ubicación Fecha de adquisición Fuente de adquisición Total Checkouts Total Renewals Número de clasificación Código de barras Date last seen Date last borrowed Número de ejemplar Price effective from Koha tipo de elemento (item) Public note
    Dewey Decimal Classification     Biblioteca Medicina Biblioteca Medicina Circulación 09/09/2019 Donación Constanzo, Juan Carlos. Sept. 2019 3 1 808 13 COR 4568 10/03/2026 22/12/2025 Ej.1 09/09/2019 LITERATURA Proyecto 4to libro Donación Constanzo, Juan Carlos. Sept. 2019

UNIVERSIDAD NACIONAL DEL COMAHUE
Biblioteca de la Facultad de Ciencias Médicas
Sede Toschi: Los Arrayanes y Av. Toschi, Cipolletti  - Rio Negro
Sede Los Tordos:  Yrigoyen al 2211, Cipolletti - Rio Negro 

Teléfono: 0299 - 4774707 int 25
Contacto: biblioteca@facimed.uncoma.edu.ar
© 2011 - 2026